UBT Library

The Republic of Plato / (Record no. 40348)

000 -LEADER
fixed length control field 00693cam a2200241 a 4500
001 - CONTROL NUMBER
control field 3007995
005 - DATE AND TIME OF LATEST TRANSACTION
control field 20180116040426.0
008 - FIXED-LENGTH DATA ELEMENTS--GENERAL INFORMATION
fixed length control field 931019r19451941enk b 001 0 eng
010 ## - LIBRARY OF CONGRESS CONTROL NUMBER
LC control number 93219667
020 ## - INTERNATIONAL STANDARD BOOK NUMBER
International Standard Book Number 0195003640
040 ## - CATALOGING SOURCE
Original cataloging agency DLC
Transcribing agency DLC
Modifying agency DLC
041 1# - LANGUAGE CODE
Language code of text/sound track or separate title eng
080 ## - UNIVERSAL DECIMAL CLASSIFICATION NUMBER
Universal Decimal Classification number 821
082 ## - DEWEY DECIMAL CLASSIFICATION NUMBER
Edition number 821 COR
100 0# - Rafti
Rafti 21
101 ## - Shkurtesa
Shkurtesa GJL
240 10 - UNIFORM TITLE
Uniform title <a href="Republic.">Republic.</a>
Language of a work English
245 14 - TITLE STATEMENT
Title The Republic of Plato /
Statement of responsibility, etc translated with introduction and notes by Francis MacDonald Cornford.
504 ## - BIBLIOGRAPHY, ETC. NOTE
Bibliography, etc Includes bibliographical references and index.
906 ## - LOCAL DATA ELEMENT F, LDF (RLIN)
a 7
b cbc
c orignew
d 3
e ncip
f 19
g y-gencatlg
942 ## - ADDED ENTRY ELEMENTS (KOHA)
Source of classification or shelving scheme
Item type Books
Holdings
Withdrawn status Lost status Source of classification or shelving scheme Damaged status Not for loan Collection code Permanent location Current location Shelving location Date acquired Total Checkouts Full call number Barcode Date last seen Price effective from Koha item type
          Koleksioni i përgjithshem UBT - Lipjan UBT - Lipjan Koleksioni i përgjithshem 01/16/2018   821 COR 002-2995574 01/16/2018 01/16/2018 Books
UBT Library © 2015-2024. All rights reserved University Education for Business and Technology